[Event "Blitz 2018"]
[Site "Saint-Petersburg"]
[Date "2018.12.29"]
[Round "6"]
[Board "2"]
[White "Jobava Baadur (GEO)"]
[Black "Mamedov Rauf (AZE)"]
[Result "1-0"]
[BlackElo "2741"]
[WhiteElo "2705"]
[LiveChessVersion "1.4.8"]

1. b3 {[%clk 0:03:03]} Nf6 {[%clk 0:03:04]} 2. Bb2 g6 3. c4 {[%clk 0:03:05]} Bg7
{[%clk 0:03:07]} 4. g3 {[%clk 0:03:06]} c5 {[%clk 0:03:02]} 5. Bg2
{[%clk 0:03:07]} Nc6 {[%clk 0:03:03]} 6. Nc3 {[%clk 0:03:07]} O-O
{[%clk 0:03:03]} 7. Nf3 {[%clk 0:03:08]} d6 {[%clk 0:03:03]} 8. d4
{[%clk 0:03:05]} Bg4 {[%clk 0:02:43]} 9. d5 {[%clk 0:03:02]} Na5 {[%clk 0:02:36]}
10. Nd2 {[%clk 0:03:03]} a6 {[%clk 0:02:35]} 11. O-O {[%clk 0:03:01]} Bd7
{[%clk 0:02:12]} 12. Qc2 {[%clk 0:03:02]} b5 {[%clk 0:02:11]} 13. Rae1
{[%clk 0:02:56]} bxc4 {[%clk 0:02:06]} 14. bxc4 {[%clk 0:02:57]} Rb8
{[%clk 0:02:07]} 15. Nd1 {[%clk 0:02:58]} e6 {[%clk 0:01:56]} 16. Bc3
{[%clk 0:02:45]} exd5 {[%clk 0:01:26]} 17. cxd5 {[%clk 0:02:46]} Re8
{[%clk 0:01:27]} 18. h3 {[%clk 0:02:21]} Nh5 {[%clk 0:01:05]} 19. Bxg7
{[%clk 0:02:19]} Nxg7 {[%clk 0:01:07]} 20. Qc3 {[%clk 0:02:07]} Rb4
{[%clk 0:00:45]} 21. a3 {[%clk 0:01:57]} Rd4 {[%clk 0:00:46]} 22. e3
{[%clk 0:01:18]} Rxd2 {[%clk 0:00:47]} 23. Qxd2 {[%clk 0:01:19]} Bb5
{[%clk 0:00:48]} 24. Qc3 {[%clk 0:01:13]} Nb7 {[%clk 0:00:20]} 25. Nb2
{[%clk 0:01:13]} Qa5 {[%clk 0:00:20]} 26. Rc1 {[%clk 0:01:10]} Bxf1
{[%clk 0:00:20]} 27. Bxf1 {[%clk 0:01:09]} Nf5 {[%clk 0:00:14]} 28. Nc4
{[%clk 0:01:01]} Qc7 {[%clk 0:00:09]} 29. Rb1 {[%clk 0:00:57]} Ne7
{[%clk 0:00:06]} 30. Rxb7 {[%clk 0:00:47]} Qxb7 31. Nxd6 {[%clk 0:00:48]} Qd7
{[%clk 0:00:04]} 32. Nxe8 {[%clk 0:00:47]} Qxe8 {[%clk 0:00:05]} 33. Qxc5
{[%clk 0:00:47]} Nf5 {[%clk 0:00:04]} 34. Bxa6 {[%clk 0:00:44]} Qe5
{[%clk 0:00:05]} 35. Bf1 {[%clk 0:00:35]} Nd6 {[%clk 0:00:06]} 36. Qd4
{[%clk 0:00:34]} Qe7 {[%clk 0:00:07]} 37. a4 {[%clk 0:00:35]} h5 {[%clk 0:00:07]}
38. h4 {[%clk 0:00:35]} Nf5 {[%clk 0:00:06]} 39. Qf4 {[%clk 0:00:32]} Qa3
{[%clk 0:00:07]} 40. Bh3 {[%clk 0:00:28]} Nd6 {[%clk 0:00:07]} 41. Kg2
{[%clk 0:00:27]} Qc5 {[%clk 0:00:08]} 42. e4 {[%clk 0:00:25]} Nc4
{[%clk 0:00:09]} 43. Qb8+ {[%clk 0:00:13]} Kg7 {[%clk 0:00:10]} 44. Qf4
{[%clk 0:00:12]} Qd4 {[%clk 0:00:10]} 45. a5 {[%clk 0:00:10]} Nxa5
{[%clk 0:00:09]} 46. d6 {[%clk 0:00:12]} Nc4 {[%clk 0:00:10]} 47. d7
{[%clk 0:00:13]} Nb6 {[%clk 0:00:05]} 48. e5 {[%clk 0:00:14]} Qd5+
{[%clk 0:00:06]} 49. Qf3 {[%clk 0:00:16]} Qd4 {[%clk 0:00:03]} 50. Qf6+
{[%clk 0:00:17]} Kh7 {[%clk 0:00:04]} 51. Qxf7+ {[%clk 0:00:18]} Kh6
{[%clk 0:00:06]} 52. Qf4+ {[%clk 0:00:19]} 1-0

[Event "Blitz 2018"]
[Site "Saint-Petersburg"]
[Date "2018.12.29"]
[Round "6"]
[Board "5"]
[White "Adly Ahmed (EGY)"]
[Black "Aronian Levon (ARM)"]
[Result "0-1"]
[LiveChessVersion "1.4.8"]
[BlackElo "2858"]
[WhiteElo "2675"]

1. Nf3 {[%clk 0:03:03]} d5 {[%clk 0:03:03]} 2. g3 {[%clk 0:03:04]} Nf6
{[%clk 0:03:04]} 3. Bg2 {[%clk 0:03:04]} e6 {[%clk 0:03:05]} 4. O-O
{[%clk 0:03:03]} Be7 {[%clk 0:03:06]} 5. d4 {[%clk 0:03:03]} O-O {[%clk 0:03:03]}
6. c4 {[%clk 0:03:04]} dxc4 {[%clk 0:03:04]} 7. Qa4 {[%clk 0:02:50]} Qd5
{[%clk 0:02:47]} 8. Nc3 {[%clk 0:02:47]} Qc6 {[%clk 0:02:48]} 9. Qc2
{[%clk 0:02:45]} Qa6 {[%clk 0:02:44]} 10. Bg5 {[%clk 0:02:36]} h6
{[%clk 0:02:25]} 11. Bxf6 Bxf6 {[%clk 0:02:26]} 12. Ne4 {[%clk 0:02:23]} Be7
{[%clk 0:02:03]} 13. Rfc1 {[%clk 0:02:24]} Rd8 {[%clk 0:01:42]} 14. e3
{[%clk 0:02:16]} Nd7 {[%clk 0:01:36]} 15. a4 {[%clk 0:02:11]} c5 {[%clk 0:01:26]}
16. Bf1 {[%clk 0:01:52]} cxd4 {[%clk 0:01:22]} 17. Bxc4 {[%clk 0:01:53]} Qa5
{[%clk 0:01:15]} 18. Nxd4 {[%clk 0:01:38]} Ne5 {[%clk 0:01:08]} 19. Be2
{[%clk 0:01:32]} Bd7 {[%clk 0:01:09]} 20. Qc7 {[%clk 0:01:29]} Qxc7
{[%clk 0:00:55]} 21. Rxc7 {[%clk 0:01:30]} Rab8 {[%clk 0:00:50]} 22. Bb5
{[%clk 0:01:17]} a6 {[%clk 0:00:37]} 23. Bxd7 {[%clk 0:01:14]} Rxd7
{[%clk 0:00:38]} 24. Rxd7 {[%clk 0:01:05]} Nxd7 {[%clk 0:00:39]} 25. Rc1
{[%clk 0:01:07]} Kf8 {[%clk 0:00:33]} 26. f4 {[%clk 0:01:00]} g6 {[%clk 0:00:26]}
27. Kf2 {[%clk 0:01:00]} Ke8 {[%clk 0:00:25]} 28. Ke2 {[%clk 0:00:59]} Nb6 29. b3
{[%clk 0:00:59]} Rc8 {[%clk 0:00:16]} 30. Rxc8+ Nxc8 {[%clk 0:00:18]} 31. g4
{[%clk 0:01:00]} Nb6 {[%clk 0:00:15]} 32. f5 {[%clk 0:01:01]} exf5
{[%clk 0:00:16]} 33. gxf5 {[%clk 0:01:02]} Nd5 34. fxg6 fxg6 {[%clk 0:00:10]} 35.
Ne6 {[%clk 0:01:03]} Kd7 {[%clk 0:00:09]} 36. Nd4 {[%clk 0:01:02]} Nf6
{[%clk 0:00:06]} 37. Nd2 {[%clk 0:01:01]} Ng4 {[%clk 0:00:06]} 38. h3
{[%clk 0:01:02]} Ne5 {[%clk 0:00:07]} 39. Ne4 {[%clk 0:01:01]} Nf7
{[%clk 0:00:06]} 40. Nf3 {[%clk 0:01:01]} Ke6 {[%clk 0:00:06]} 41. Kd3
{[%clk 0:01:01]} Ne5+ {[%clk 0:00:07]} 42. Nxe5 {[%clk 0:01:02]} Kxe5
{[%clk 0:00:08]} 43. Nf2 {[%clk 0:01:02]} h5 {[%clk 0:00:09]} 44. Ke2
{[%clk 0:01:03]} g5 {[%clk 0:00:09]} 45. Kf3 {[%clk 0:01:03]} Kf5
{[%clk 0:00:09]} 46. Kg3 {[%clk 0:00:51]} Bd6+ {[%clk 0:00:09]} 47. Kf3
{[%clk 0:00:52]} Be7 {[%clk 0:00:11]} 48. Kg3 {[%clk 0:00:53]} Bc5
{[%clk 0:00:11]} 49. Kf3 {[%clk 0:00:54]} Bd6 {[%clk 0:00:11]} 50. Ke2
{[%clk 0:00:48]} g4 {[%clk 0:00:12]} 51. hxg4+ {[%clk 0:00:49]} hxg4
{[%clk 0:00:14]} 52. Nd1 {[%clk 0:00:50]} Be5 {[%clk 0:00:14]} 53. Nf2
{[%clk 0:00:51]} g3 {[%clk 0:00:11]} 54. Nd3 {[%clk 0:00:48]} Bd6
{[%clk 0:00:07]} 55. Kf3 {[%clk 0:00:49]} b6 {[%clk 0:00:07]} 56. e4+
{[%clk 0:00:48]} Ke6 {[%clk 0:00:09]} 57. Kg2 {[%clk 0:00:49]} Bc7
{[%clk 0:00:09]} 58. Kf3 {[%clk 0:00:50]} Bd6 {[%clk 0:00:10]} 59. Ke2
{[%clk 0:00:49]} Bc7 {[%clk 0:00:11]} 60. Ke3 {[%clk 0:00:50]} Bd6
{[%clk 0:00:12]} 61. Kf3 {[%clk 0:00:52]} Bc7 {[%clk 0:00:13]} 62. Nc1
{[%clk 0:00:46]} Ke5 {[%clk 0:00:12]} 63. Ne2 {[%clk 0:00:47]} g2
{[%clk 0:00:14]} 64. Kxg2 Kxe4 65. Nc3+ {[%clk 0:00:40]} Kd4 {[%clk 0:00:15]} 66.
Na2 {[%clk 0:00:41]} Bd6 {[%clk 0:00:16]} 67. Kf3 {[%clk 0:00:40]} Kd3
{[%clk 0:00:17]} 68. Nc1+ {[%clk 0:00:40]} Kc2 {[%clk 0:00:15]} 69. Ne2
{[%clk 0:00:40]} Kxb3 {[%clk 0:00:16]} 70. a5 {[%clk 0:00:40]} bxa5
{[%clk 0:00:15]} 71. Ke4 {[%clk 0:00:40]} a4 {[%clk 0:00:16]} 72. Nc1+
{[%clk 0:00:38]} Kc2 {[%clk 0:00:16]} 73. Ne2 {[%clk 0:00:36]} a3
{[%clk 0:00:17]} 74. Kd5 {[%clk 0:00:38]} a2 {[%clk 0:00:18]} 75. Kxd6
{[%clk 0:00:34]} a1=Q {[%clk 0:00:18]} 0-1

[Event "Blitz 2018"]
[Site "Saint-Petersburg"]
[Date "2018.12.29"]
[Round "6"]
[Board "6"]
[White "Nepomniachtchi Ian (RUS)"]
[Black "Vitiugov Nikita (RUS)"]
[Result "0-1"]
[LiveChessVersion "1.4.8"]
[BlackElo "2696"]
[WhiteElo "2846"]

1. e4 {[%clk 0:03:02]} e6 {[%clk 0:03:02]} 2. d4 {[%clk 0:02:55]} d5
{[%clk 0:03:03]} 3. Nd2 {[%clk 0:02:56]} c5 {[%clk 0:03:03]} 4. Ngf3
{[%clk 0:02:55]} cxd4 {[%clk 0:03:04]} 5. Nxd4 {[%clk 0:02:55]} Nc6
{[%clk 0:03:04]} 6. Bb5 {[%clk 0:02:53]} Bd7 {[%clk 0:03:05]} 7. Nxc6 bxc6
{[%clk 0:03:06]} 8. Bd3 {[%clk 0:02:52]} Qc7 {[%clk 0:03:01]} 9. Qe2
{[%clk 0:02:45]} Ne7 {[%clk 0:02:58]} 10. O-O {[%clk 0:02:30]} Ng6
{[%clk 0:02:57]} 11. Nf3 {[%clk 0:02:31]} Bd6 {[%clk 0:02:55]} 12. c4
{[%clk 0:02:31]} dxe4 13. Bxe4 {[%clk 0:02:29]} O-O {[%clk 0:02:18]} 14. Rd1
{[%clk 0:02:27]} Rad8 {[%clk 0:02:01]} 15. h3 {[%clk 0:02:23]} c5
{[%clk 0:01:57]} 16. b3 {[%clk 0:02:16]} Bc6 {[%clk 0:01:52]} 17. Bg5
{[%clk 0:02:11]} Rd7 {[%clk 0:01:49]} 18. Rd2 {[%clk 0:01:54]} Bxe4
{[%clk 0:01:34]} 19. Qxe4 {[%clk 0:01:55]} h6 {[%clk 0:01:34]} 20. Be3
{[%clk 0:01:52]} Rfd8 {[%clk 0:01:34]} 21. Rad1 {[%clk 0:01:50]} a6
{[%clk 0:01:23]} 22. g3 {[%clk 0:01:34]} Nf8 {[%clk 0:00:58]} 23. Ne1
{[%clk 0:01:09]} Qc8 {[%clk 0:00:52]} 24. Nd3 {[%clk 0:00:58]} Nh7
{[%clk 0:00:43]} 25. Nxc5 {[%clk 0:00:27]} Nf6 {[%clk 0:00:43]} 26. Qf3
{[%clk 0:00:08]} Bxc5 {[%clk 0:00:44]} 27. Rxd7 {[%clk 0:00:09]} Rxd7
{[%clk 0:00:44]} 28. Rxd7 {[%clk 0:00:10]} Nxd7 {[%clk 0:00:44]} 29. Bxc5
{[%clk 0:00:12]} Qxc5 {[%clk 0:00:37]} 30. Qa8+ {[%clk 0:00:13]} Kh7
{[%clk 0:00:38]} 31. Qxa6 {[%clk 0:00:14]} Ne5 {[%clk 0:00:36]} 32. Qb7
{[%clk 0:00:15]} Qd4 {[%clk 0:00:36]} 33. a4 {[%clk 0:00:13]} g6 {[%clk 0:00:27]}
34. a5 {[%clk 0:00:11]} Qa1+ {[%clk 0:00:26]} 35. Kg2 {[%clk 0:00:12]} Qxa5
{[%clk 0:00:27]} 36. b4 {[%clk 0:00:13]} Qa2 {[%clk 0:00:20]} 37. c5
{[%clk 0:00:15]} Kg7 {[%clk 0:00:20]} 38. b5 {[%clk 0:00:13]} Nd3
{[%clk 0:00:21]} 39. Qe4 {[%clk 0:00:10]} Qxf2+ 40. Kh1 Qxg3 {[%clk 0:00:20]} 0-1

[Event "Blitz 2018"]
[Site "Saint-Petersburg"]
[Date "2018.12.29"]
[Round "6"]
[Board "7"]
[White "Postny Evgeny (ISR)"]
[Black "Anand Viswanathan (IND)"]
[Result "1/2-1/2"]
[LiveChessVersion "1.4.8"]
[BlackElo "2832"]
[WhiteElo "2657"]

1. d4 {[%clk 0:03:03]} Nf6 {[%clk 0:03:03]} 2. c4 {[%clk 0:03:03]} e6
{[%clk 0:03:04]} 3. Nf3 {[%clk 0:03:04]} d5 {[%clk 0:03:05]} 4. g3
{[%clk 0:03:02]} dxc4 {[%clk 0:03:03]} 5. Bg2 {[%clk 0:03:03]} Bb4+
{[%clk 0:03:04]} 6. Bd2 {[%clk 0:03:03]} a5 {[%clk 0:03:04]} 7. Qc2
{[%clk 0:02:59]} Bxd2+ 8. Qxd2 {[%clk 0:02:51]} c6 {[%clk 0:02:48]} 9. Ne5
{[%clk 0:02:42]} b5 {[%clk 0:02:39]} 10. a4 {[%clk 0:02:33]} Ra6 {[%clk 0:02:35]}
11. Nc3 {[%clk 0:02:23]} Bd7 {[%clk 0:02:10]} 12. Nxd7 {[%clk 0:02:03]} Qxd7
{[%clk 0:02:09]} 13. axb5 {[%clk 0:01:56]} cxb5 {[%clk 0:02:06]} 14. Qg5
{[%clk 0:01:56]} O-O {[%clk 0:02:02]} 15. Qxb5 {[%clk 0:01:29]} Qxd4
{[%clk 0:02:00]} 16. O-O {[%clk 0:01:26]} Rb6 {[%clk 0:01:56]} 17. Rfd1
{[%clk 0:01:01]} Rxb5 {[%clk 0:01:52]} 18. Rxd4 {[%clk 0:01:01]} Rxb2
{[%clk 0:01:51]} 19. Rxc4 {[%clk 0:01:00]} Nbd7 {[%clk 0:01:42]} 20. Rxa5
{[%clk 0:00:58]} Rc2 {[%clk 0:01:42]} 21. Rc7 {[%clk 0:00:45]} Rc1+
{[%clk 0:01:32]} 22. Bf1 {[%clk 0:00:46]} Rb8 {[%clk 0:01:12]} 23. Kg2
{[%clk 0:00:38]} h6 {[%clk 0:01:10]} 24. Raa7 {[%clk 0:00:32]} Ne5
{[%clk 0:01:00]} 25. Ne4 {[%clk 0:00:23]} Rxc7 {[%clk 0:00:58]} 26. Nxf6+
{[%clk 0:00:24]} gxf6 {[%clk 0:00:58]} 27. Rxc7 {[%clk 0:00:25]} f5
{[%clk 0:00:59]} 1/2-1/2

[Event "Blitz 2018"]
[Site "Saint-Petersburg"]
[Date "2018.12.29"]
[Round "6"]
[Board "8"]
[White "Artemiev Vladislav (RUS)"]
[Black "Dreev Aleksey (RUS)"]
[Result "1-0"]
[LiveChessVersion "1.4.8"]
[BlackElo "2675"]
[WhiteElo "2825"]

1. e4 {[%clk 0:03:01]} c6 {[%clk 0:03:04]} 2. d4 {[%clk 0:03:02]} d5 3. exd5
{[%clk 0:03:02]} cxd5 {[%clk 0:03:06]} 4. Bd3 {[%clk 0:03:02]} Nc6
{[%clk 0:03:07]} 5. c3 {[%clk 0:03:03]} Qc7 {[%clk 0:03:08]} 6. Na3
{[%clk 0:03:04]} a6 {[%clk 0:03:07]} 7. Nc2 {[%clk 0:03:04]} Nf6 {[%clk 0:02:49]}
8. h3 {[%clk 0:03:05]} e6 {[%clk 0:02:47]} 9. Nf3 {[%clk 0:03:05]} Bd6
{[%clk 0:02:47]} 10. O-O {[%clk 0:03:05]} b5 {[%clk 0:02:40]} 11. Re1
{[%clk 0:02:58]} Bb7 {[%clk 0:02:40]} 12. a4 {[%clk 0:02:50]} bxa4 13. Rxa4
{[%clk 0:02:49]} O-O {[%clk 0:02:18]} 14. Qe2 {[%clk 0:02:38]} a5
{[%clk 0:01:58]} 15. Na3 {[%clk 0:02:28]} Bxa3 {[%clk 0:01:40]} 16. Rxa3
{[%clk 0:02:29]} Qb6 {[%clk 0:01:42]} 17. Bf4 {[%clk 0:01:46]} Ba6
{[%clk 0:01:30]} 18. Bxa6 {[%clk 0:01:46]} Rxa6 {[%clk 0:01:23]} 19. b4
{[%clk 0:01:36]} Raa8 {[%clk 0:01:07]} 20. Rea1 {[%clk 0:01:29]} Ne4
{[%clk 0:01:07]} 21. b5 {[%clk 0:01:23]} Ne7 {[%clk 0:01:05]} 22. c4
{[%clk 0:01:24]} Ng6 {[%clk 0:00:27]} 23. Bh2 {[%clk 0:01:24]} e5
{[%clk 0:00:16]} 24. c5 {[%clk 0:00:58]} Qe6 {[%clk 0:00:16]} 25. Nxe5
{[%clk 0:00:58]} Rfe8 {[%clk 0:00:11]} 26. Qg4 {[%clk 0:00:40]} f5 27. Qd1
{[%clk 0:00:27]} Nh4 {[%clk 0:00:06]} 28. b6 {[%clk 0:00:22]} Qh6 29. Bg3
{[%clk 0:00:13]} Ng6 {[%clk 0:00:00]} 30. Nxg6 1-0

[Event "Blitz 2018"]
[Site "Saint-Petersburg"]
[Date "2018.12.29"]
[Round "6"]
[Board "9"]
[White "Le Quang Liem (VIE)"]
[Black "Alekseenko Kirill (RUS)"]
[Result "1-0"]
[LiveChessVersion "1.4.8"]
[BlackElo "2665"]
[WhiteElo "2749"]

1. c4 {[%clk 0:03:03]} e5 {[%clk 0:03:04]} 2. g3 {[%clk 0:03:03]} d6
{[%clk 0:03:04]} 3. Bg2 {[%clk 0:03:03]} Nc6 {[%clk 0:03:06]} 4. Nc3
{[%clk 0:03:04]} f5 {[%clk 0:03:07]} 5. d3 {[%clk 0:03:05]} Nf6 {[%clk 0:03:08]}
6. e4 {[%clk 0:03:06]} g6 {[%clk 0:03:06]} 7. Nge2 {[%clk 0:03:07]} Bg7
{[%clk 0:03:07]} 8. O-O {[%clk 0:03:07]} O-O {[%clk 0:03:04]} 9. h3
{[%clk 0:03:05]} Bd7 {[%clk 0:02:44]} 10. Be3 {[%clk 0:02:48]} a6
{[%clk 0:02:19]} 11. Rc1 {[%clk 0:02:48]} Rb8 {[%clk 0:02:17]} 12. Nd5
{[%clk 0:02:25]} Nxd5 13. cxd5 {[%clk 0:02:26]} Ne7 {[%clk 0:02:10]} 14. Qb3
{[%clk 0:02:20]} b6 {[%clk 0:01:50]} 15. Rc2 {[%clk 0:02:04]} h6 {[%clk 0:01:47]}
16. f4 {[%clk 0:01:34]} Kh7 {[%clk 0:01:38]} 17. Kh2 {[%clk 0:01:20]} Rc8
{[%clk 0:01:10]} 18. Rfc1 {[%clk 0:01:14]} fxe4 {[%clk 0:00:56]} 19. dxe4
{[%clk 0:01:13]} Bb5 {[%clk 0:00:51]} 20. Nc3 {[%clk 0:01:01]} Bd7
{[%clk 0:00:46]} 21. Rf2 {[%clk 0:00:58]} h5 {[%clk 0:00:38]} 22. Rcf1
{[%clk 0:00:53]} Ng8 {[%clk 0:00:36]} 23. fxe5 {[%clk 0:00:50]} Rxf2
{[%clk 0:00:35]} 24. Rxf2 {[%clk 0:00:51]} Bxe5 {[%clk 0:00:32]} 25. Ne2
{[%clk 0:00:36]} Qe7 {[%clk 0:00:33]} 26. Bd4 {[%clk 0:00:33]} Nh6
{[%clk 0:00:31]} 27. Qe3 {[%clk 0:00:25]} h4 {[%clk 0:00:31]} 28. Bxe5
{[%clk 0:00:26]} Qxe5 {[%clk 0:00:32]} 29. Qf4 {[%clk 0:00:24]} hxg3+
{[%clk 0:00:31]} 30. Kxg3 {[%clk 0:00:23]} Re8 {[%clk 0:00:26]} 31. Qxe5
{[%clk 0:00:22]} Rxe5 {[%clk 0:00:27]} 32. Nd4 {[%clk 0:00:22]} Re7
{[%clk 0:00:22]} 33. Rc2 {[%clk 0:00:19]} Be8 {[%clk 0:00:20]} 34. Ne6
{[%clk 0:00:16]} c5 {[%clk 0:00:19]} 35. dxc6 {[%clk 0:00:06]} Rxe6
{[%clk 0:00:20]} 36. c7 {[%clk 0:00:08]} Bd7 {[%clk 0:00:22]} 37. c8=Q
{[%clk 0:00:08]} Bxc8 {[%clk 0:00:23]} 38. Rc7+ {[%clk 0:00:08]} Kh8
{[%clk 0:00:13]} 39. Rxc8+ {[%clk 0:00:10]} Kg7 {[%clk 0:00:15]} 40. Rc6
{[%clk 0:00:10]} Re5 {[%clk 0:00:13]} 41. Rxb6 {[%clk 0:00:10]} Ra5
{[%clk 0:00:08]} 42. a3 {[%clk 0:00:10]} Nf7 {[%clk 0:00:10]} 43. Bf1
{[%clk 0:00:10]} Kf6 {[%clk 0:00:07]} 44. Rxa6 {[%clk 0:00:10]} Rg5+
{[%clk 0:00:08]} 45. Kf4 {[%clk 0:00:10]} Rg1 {[%clk 0:00:07]} 46. Bc4
{[%clk 0:00:11]} g5+ {[%clk 0:00:08]} 47. Ke3 {[%clk 0:00:12]} Ne5
{[%clk 0:00:06]} 48. Rxd6+ {[%clk 0:00:12]} Kg7 {[%clk 0:00:07]} 49. Be6
{[%clk 0:00:11]} Re1+ {[%clk 0:00:07]} 50. Kd4 {[%clk 0:00:10]} Nf3+
{[%clk 0:00:07]} 51. Kd5 {[%clk 0:00:11]} Rd1+ {[%clk 0:00:08]} 52. Kc5
{[%clk 0:00:12]} Rc1+ {[%clk 0:00:07]} 53. Kb6 {[%clk 0:00:11]} Ne5
{[%clk 0:00:05]} 54. b4 {[%clk 0:00:10]} Kf8 {[%clk 0:00:07]} 55. Kb5
{[%clk 0:00:10]} Ke7 {[%clk 0:00:08]} 56. Ra6 {[%clk 0:00:11]} Nf3
{[%clk 0:00:06]} 57. Bg4 {[%clk 0:00:10]} Nd4+ {[%clk 0:00:08]} 58. Ka4
{[%clk 0:00:10]} Rc3 {[%clk 0:00:08]} 59. Ra7+ {[%clk 0:00:11]} Ke8
{[%clk 0:00:08]} 60. Rg7 {[%clk 0:00:06]} Nc2 {[%clk 0:00:07]} 61. Rxg5
{[%clk 0:00:06]} Rxa3+ {[%clk 0:00:07]} 62. Kb5 {[%clk 0:00:07]} Rb3
{[%clk 0:00:07]} 63. Kc4 {[%clk 0:00:08]} Rb1 {[%clk 0:00:06]} 64. Rg8+
{[%clk 0:00:04]} Kf7 {[%clk 0:00:07]} 65. Rb8 {[%clk 0:00:05]} Kf6
{[%clk 0:00:06]} 66. b5 {[%clk 0:00:06]} Na3+ {[%clk 0:00:06]} 67. Kc5
{[%clk 0:00:07]} Ke7 {[%clk 0:00:04]} 68. b6 {[%clk 0:00:08]} Rc1+
{[%clk 0:00:05]} 69. Kd5 {[%clk 0:00:09]} Nc4 {[%clk 0:00:05]} 70. b7
{[%clk 0:00:09]} Nb6+ {[%clk 0:00:07]} 71. Kd4 {[%clk 0:00:09]} Rc4+
{[%clk 0:00:04]} 72. Kd3 {[%clk 0:00:11]} Rb4 {[%clk 0:00:05]} 73. Rh8
{[%clk 0:00:08]} Nd7 {[%clk 0:00:04]} 74. Rh7+ {[%clk 0:00:09]} 1-0

[Event "Blitz 2018"]
[Site "Saint-Petersburg"]
[Date "2018.12.29"]
[Round "6"]
[Board "10"]
[White "Zubov Alexander (UKR)"]
[Black "Alekseev Evgeny (RUS)"]
[Result "1-0"]
[LiveChessVersion "1.4.8"]
[BlackElo "2634"]
[WhiteElo "2729"]

1. d4 {[%clk 0:03:02]} e6 {[%clk 0:03:01]} 2. c4 {[%clk 0:02:58]} b6
{[%clk 0:03:04]} 3. Nf3 {[%clk 0:02:54]} Bb7 {[%clk 0:03:03]} 4. a3
{[%clk 0:02:50]} f5 {[%clk 0:03:00]} 5. Nc3 {[%clk 0:02:49]} Nf6 {[%clk 0:03:00]}
6. Bf4 {[%clk 0:02:48]} Be7 {[%clk 0:02:52]} 7. Rc1 {[%clk 0:02:39]} O-O
{[%clk 0:02:45]} 8. e3 {[%clk 0:02:22]} Ne4 {[%clk 0:02:29]} 9. Nxe4 fxe4
{[%clk 0:02:22]} 10. Nd2 {[%clk 0:02:09]} c5 {[%clk 0:01:52]} 11. dxc5
{[%clk 0:02:02]} bxc5 {[%clk 0:01:50]} 12. Be2 {[%clk 0:01:44]} Qb6
{[%clk 0:01:07]} 13. O-O {[%clk 0:01:37]} d5 {[%clk 0:01:06]} 14. Bg4
{[%clk 0:01:20]} Re8 {[%clk 0:00:35]} 15. Qc2 {[%clk 0:00:55]} Na6
{[%clk 0:00:29]} 16. Rfd1 {[%clk 0:00:40]} Bf6 {[%clk 0:00:30]} 17. b3
{[%clk 0:00:26]} Rad8 {[%clk 0:00:31]} 18. Rb1 {[%clk 0:00:19]} Ba8
{[%clk 0:00:27]} 19. Be2 {[%clk 0:00:13]} Bb7 {[%clk 0:00:28]} 20. h3
{[%clk 0:00:11]} Rc8 {[%clk 0:00:17]} 21. Bg4 {[%clk 0:00:10]} Rcd8
{[%clk 0:00:19]} 22. Bg3 {[%clk 0:00:10]} Re7 {[%clk 0:00:14]} 23. Be2
{[%clk 0:00:07]} Ree8 {[%clk 0:00:14]} 24. Rdc1 {[%clk 0:00:07]} Rc8
{[%clk 0:00:13]} 25. Bg4 {[%clk 0:00:07]} Rcd8 {[%clk 0:00:15]} 26. b4
{[%clk 0:00:07]} cxb4 {[%clk 0:00:10]} 27. c5 {[%clk 0:00:09]} Qb5
{[%clk 0:00:06]} 28. axb4 {[%clk 0:00:05]} Nxb4 {[%clk 0:00:07]} 29. Rxb4
{[%clk 0:00:05]} Qxb4 {[%clk 0:00:08]} 30. Rb1 {[%clk 0:00:07]} Qc3
{[%clk 0:00:09]} 31. Qxc3 {[%clk 0:00:07]} Bxc3 {[%clk 0:00:10]} 32. Rxb7
{[%clk 0:00:08]} Bxd2 {[%clk 0:00:11]} 33. Be5 {[%clk 0:00:09]} g6
{[%clk 0:00:04]} 34. Rg7+ {[%clk 0:00:09]} Kf8 {[%clk 0:00:05]} 35. Rxh7
{[%clk 0:00:10]} Rc8 {[%clk 0:00:06]} 36. h4 {[%clk 0:00:09]} Bb4
{[%clk 0:00:05]} 37. h5 {[%clk 0:00:10]} gxh5 {[%clk 0:00:03]} 38. Bxh5
{[%clk 0:00:10]} Bxc5 {[%clk 0:00:03]} 39. Bf6 {[%clk 0:00:10]} Be7 40. Rh8# 1-0

[Event "Blitz 2018"]
[Site "Saint-Petersburg"]
[Date "2018.12.29"]
[Round "6"]
[Board "11"]
[White "Shirov Alexei (ESP)"]
[Black "Timofeev Artyom (RUS)"]
[Result "1/2-1/2"]
[LiveChessVersion "1.4.8"]
[BlackElo "2568"]
[WhiteElo "2699"]

1. e4 {[%clk 0:03:03]} e5 {[%clk 0:03:03]} 2. Nf3 {[%clk 0:03:04]} Nf6
{[%clk 0:03:04]} 3. Nxe5 {[%clk 0:03:03]} d6 {[%clk 0:03:05]} 4. Nf3
{[%clk 0:03:03]} Nxe4 {[%clk 0:03:05]} 5. d4 {[%clk 0:03:04]} d5 {[%clk 0:03:03]}
6. Bd3 {[%clk 0:03:05]} Be7 {[%clk 0:03:04]} 7. O-O {[%clk 0:02:58]} Bf5
{[%clk 0:03:03]} 8. Re1 {[%clk 0:02:46]} O-O {[%clk 0:03:00]} 9. c4
{[%clk 0:02:42]} Nc6 {[%clk 0:02:45]} 10. cxd5 {[%clk 0:02:35]} Qxd5
{[%clk 0:02:46]} 11. Nc3 {[%clk 0:02:31]} Nxc3 {[%clk 0:02:42]} 12. bxc3
{[%clk 0:02:32]} Bxd3 13. Qxd3 {[%clk 0:02:32]} Rfe8 {[%clk 0:02:29]} 14. Bf4
{[%clk 0:02:24]} Rac8 {[%clk 0:02:08]} 15. c4 {[%clk 0:02:17]} Qd7
{[%clk 0:02:08]} 16. d5 {[%clk 0:02:13]} Bf6 {[%clk 0:02:07]} 17. Rad1
{[%clk 0:02:04]} Rxe1+ {[%clk 0:01:51]} 18. Rxe1 {[%clk 0:02:04]} Ne7
{[%clk 0:01:52]} 19. Be5 {[%clk 0:01:49]} Bxe5 {[%clk 0:01:00]} 20. Nxe5
{[%clk 0:01:49]} Qd6 {[%clk 0:01:01]} 21. Qe3 {[%clk 0:01:01]} b6
{[%clk 0:01:00]} 22. Nd3 {[%clk 0:01:01]} Ng6 {[%clk 0:00:54]} 23. g3
{[%clk 0:00:59]} h6 {[%clk 0:00:51]} 24. h4 {[%clk 0:00:59]} Nf8 {[%clk 0:00:50]}
25. Qf4 {[%clk 0:00:46]} Nd7 {[%clk 0:00:48]} 26. Qxd6 {[%clk 0:00:43]} cxd6
{[%clk 0:00:49]} 27. Re7 {[%clk 0:00:43]} Ne5 {[%clk 0:00:29]} 28. Nxe5
{[%clk 0:00:41]} dxe5 {[%clk 0:00:29]} 29. d6 {[%clk 0:00:39]} Rd8
{[%clk 0:00:30]} 30. Rxa7 {[%clk 0:00:22]} Rxd6 {[%clk 0:00:30]} 31. Ra8+
{[%clk 0:00:23]} Kh7 {[%clk 0:00:31]} 32. Ra6 {[%clk 0:00:22]} Rd4
{[%clk 0:00:26]} 33. Rxb6 {[%clk 0:00:19]} Rxc4 {[%clk 0:00:27]} 34. Ra6
{[%clk 0:00:13]} 1/2-1/2